000 01208nam a2200253Ia 4500
008 0000002000 gw ad 0000000000mul00
090 _aPSP00 C17a
100 1 _aCastro Flórez, Fernando
245 1 0 _aAntón Lamazares
_b: sueño de la casa de las vacas
_c/ text Fernando Castro Flórez ; fotografie Cuahtli Gutiérrez
264 _aKíln : Galerie Adriana Schmidt
300 _a48 p.
_c/ 21 cm.
500 _aExposición realizada en Galeríe Adriana Schmidt, Colonia, Alemanía, abril 1 a junio 10 de 2000 y en enero 26 a abril 14 de 2001 \ Incluye cronología del artista \ Texto bilingue : alemán español \ Registro auspiciado por la FGAA. Bogotá
501 _aAnsprechende tráume, dankbares schauen = Sueños graciosos, visiones agradecidas / Fernando Castro Flórez
600 0 0 _aLAMAZARES, ANTON, 1954/
_xTRABAJOS PICTORICOS
650 1 4 _aARTE CONTEMPORANEO ESPAÑOL
650 1 4 _aARTISTAS PLASTICOS ESPAÑOLES EXPOSIONES
650 1 4 _xCATALOGOS
650 1 4 _xEXPOSICIONES
650 1 4 _aPINTORES ESPAÑOLES
650 1 4 _aPINTURA (TECNICA MIXTA)
650 1 4 _aPINTURA ESPAÑOLA
700 1 _aCastro Flórez, Fernando \ Gutiérrez, Cuahtil
999 _c10701
_d10701
260 _c2000